| 000 | 00755nam a2200253 4500 | ||
|---|---|---|---|
| 003 | OSt | ||
| 005 | 20260530115258.0 | ||
| 008 | 260422b1978 sp |||| |||| 00| 0 spa d | ||
| 020 | _a8425207037 | ||
| 040 |
_aICI _bspa _cICI |
||
| 041 | _aspa | ||
| 050 |
_aQH541 _bB6518 |
||
| 100 | 1 |
_aBookchin, Murray, _eautor _930852 |
|
| 245 | 1 | 0 |
_aPor una sociedad ecológica / _cMurray bookchin ; [version castellana de Joseph Elías] |
| 264 | 1 |
_aBarcelona : _bGustavo Gili, _c1978 |
|
| 300 | _a172 páginas | ||
| 336 |
_atexto _2rdacontent |
||
| 337 |
_asin medio _2rdamedia |
||
| 338 |
_avolumen _2rdacarrier |
||
| 490 | 0 | _aColección Tecnología y sociedad | |
| 650 | 4 |
_aEcología _919532 |
|
| 700 |
_aElías, Joseph, _etraductor _930853 |
||
| 942 |
_2lcc _cBK _n1 |
||
| 999 |
_c12731 _d12731 |
||